[Event "EU-ch rapid (Women)"]
[Site "Kutaisi"]
[Date "2015.06.02"]
[Round "7"]
[White "Gognadze, Tsira"]
[Black "Choladze, Tea"]
[Result "0-1"]
[WhiteElo "1144"]
[BlackElo "1755"]
[PlyCount "50"]
[EventDate "2015.06.01"]
[EventType "swiss (rapid)"]
[EventRounds "11"]
[EventCountry "GEO"]
[SourceTitle "CBM 166 Extra"]
[Source "ChessBase"]
[SourceDate "2015.06.18"]
[SourceVersion "1"]
[SourceVersionDate "2015.06.18"]
[SourceQuality "1"]

1. e4 c5 2. Nf3 d6 3. d4 cxd4 4. Nxd4 Nf6 5. Nc3 g6 6. f3 Bg7 7. Be3 0-0 8. Qd2 Nc6 9. Nb3 Be6 10. 0-0-0 a5 11. Nd5 Bxd5 12. exd5 Nb4 13. c4 Nxa2+ 14. Kb1 Nb4 15. g4 Qd7 16. h4 Qa4 17. Nc1 Rfc8 18. b3 Qd7 19. Nd3 Nbxd5 20. g5 Nxe3 21. gxf6 Nxf1 22. Qf2 Bxf6 23. Rdxf1 a4 24. Rfg1 axb3 25. Qe3 Ra1# 0-1

[Event "EU-ch rapid (Women)"]
[Site "Kutaisi"]
[Date "2015.06.01"]
[Round "1"]
[White "Gognadze, Tsira"]
[Black "Wagner, Dinara"]
[Result "0-1"]
[WhiteElo "1144"]
[BlackElo "2242"]
[PlyCount "62"]
[EventDate "2015.06.01"]
[EventType "swiss (rapid)"]
[EventRounds "11"]
[EventCountry "GEO"]
[SourceTitle "CBM 166 Extra"]
[Source "ChessBase"]
[SourceDate "2015.06.18"]
[SourceVersion "1"]
[SourceVersionDate "2015.06.18"]
[SourceQuality "1"]

1. e4 c5 2. Nf3 d6 3. d4 cxd4 4. Nxd4 Nf6 5. Nc3 a6 6. f3 e6 7. a4 Be7 8. Be3 b6 9. Qd2 Qc7 10. f4 Bb7 11. Bd3 Nbd7 12. g3 Nc5 13. Rf1 Nfxe4 14. Nxe4 Nxe4 15. Bxe4 Bxe4 16. 0-0-0 Rc8 17. Rf2 0-0 18. c3 Qc4 19. b3 Qxc3+ 20. Qxc3 Rxc3+ 21. Kd2 Rfc8 22. Ne2 Rd3+ 23. Ke1 Rxe3 24. Kf1 Bd3 25. Rd2 d5 26. Kg2 Bb4 27. Ra2 Rc2 28. Rxc2 Bxc2 29. Nd4 Be4+ 30. Kg1 Bc5 31. Rd2 Rd3 0-1